000 00468nam a2200181Ia 4500
001 3992
005 20260306145723.0
008 260306t2015||||xx |||||||||||||| ||spa||
041 _aESP
082 _a306.0985
_bP78
100 _aPortocarrero, Gonzalo
_eAUT
245 0 _aImaginando al Perú:
_bbúsquedas desde lo andino en arte y literatura
260 _c2015
300 _a184 páginas :
_c24 cm.
650 _aGEN
654 _aCHU
942 _cLIB
_dJUS
_fJUS
_2ddc
_n
999 _c3992
_d3992